Top 20 Pays les plus peuplés en 2024 - Statistiques

Statistiques générales
  • Ce quiz a été pris 215 fois
  • Le résultat moyen est 15 sur 20
Statistiques - réponses
Hint Réponse % Correct
1 472 millions Chine
99%
1 457 millions Inde
99%
342 millions Etats-Unis
98%
146 millions Russie
96%
221 millions Brésil
94%
125 millions Japon
91%
136 millions Mexique
85%
289 millions Indonésie
82%
83 millions Allemagne
79%
241 millions Pakistan
74%
102 millions République démocratique du Congo
74%
230 millions Nigéria
72%
112 millions Egypte
68%
173 millions Bangladesh
65%
70 millions Thaïlande
62%
90 millions Turquie
61%
88 millions Iran
57%
102 millions Viêt Nam
57%
117 millions Philippines
52%
127 millions Ethiopie
49%
Aucun quiz correspondant
Distribution des résultats
% des personnes avec chaque résultat
Percentile par nombre de réponses
Votre historique - résultats
Vous n’avez pas pris ce quiz